Music Quiz

Random Music or Album Quiz

Songs on Pet Sounds Quiz Stats

 Plays Quiz Updated Apr 1, 2020

     
Support Sporcle.
Go Orange.
Score 0/13 Timer 03:00
0 Plays Today
Side % Correct
Side 1Wouldn't It Be Nice
84%
Side 2God Only Knows
81.2%
Side 1Sloop John B
76%
Side 2Pet Sounds
73.6%
Side 2Caroline, No
66.6%
Side 2I Know There's an Answer
46.8%
Side 2I Just Wasn't Made for These Times
46.6%
Side 1Don't Talk (Put Your Head on My Shoulder)
44.2%
Side 1That's Not Me
43.8%
Side 1You Still Believe in Me
41.1%
Side 2Here Today
39.3%
Side 1I'm Waiting for the Day
34.1%
Side 1Let's Go Away for Awhile
33.9%

From the Vault

Where in the UK?

by Mateo56

Don't worry, you can always ask for directions on Sporcle.
Remove Ads.
Support Sporcle.
Get the best of Sporcle when you Go Orange. This ad-free experience offers more features, more stats, and more fun while also helping to support Sporcle. Thank you for becoming a member.

Show Comments

Extras

Top Quizzes Today


Score Distribution

Your Account Isn't Verified!

In order to create a playlist on Sporcle, you need to verify the email address you used during registration. Go to your Sporcle Settings to finish the process.

Report this User

Report this user for behavior that violates our Community Guidelines.

Details: